| 000 | 00722nam a2200253 i 4500 | ||
|---|---|---|---|
| 001 | 134084 | ||
| 003 | ES-MaACL | ||
| 005 | 20250807062548.0 | ||
| 007 | t| | ||
| 008 | 070905s1974 sp ||||1| spa d | ||
| 080 | _a61(04) | ||
| 080 | _a575.1(04) | ||
| 100 | 1 |
_aWarshofsky, Fred. _9116134 |
|
| 245 | 1 | 3 |
_aEl control de la vida / _cFred Warshofsky ; [traducción de Rosalía Vázquez]. |
| 260 |
_aBarcelona : _bPlaza & Janés, _c[1974] |
||
| 300 |
_a153 p. ; _c19 cm. |
||
| 490 | 1 | _aRotativa | |
| 650 | 1 | 7 |
_aMedicina _2embne _914891 |
| 650 | 1 | 4 |
_aGenética. _913057 |
| 700 | 1 |
_aVázquez Tomás, Rosalia. _9146004 |
|
| 830 | 0 |
_aRotativa _9179597 |
|
| 852 |
_aES-MaACL _jE-7357 _bR.91322 |
||
| 999 |
_c134084 _d134084 |
||